Multivariable mathematics /
Guardado en:
| Autor Principal: | |
|---|---|
| Otros Autores: | |
| Formato: | Libro |
| Idioma: | English |
| Publicado: |
Upper Saddle River, N.J. :
Prentice Hall,
c1996.
|
| Edición: | 3rd ed. |
| Materias: | |
| Etiquetas: |
Agregar Etiqueta
Sin Etiquetas, Sea el primero en etiquetar este registro!
|
| LEADER | 01127pam a2200241 a 4500 | ||
|---|---|---|---|
| 001 | MAT.inmabb003464 | ||
| 008 | 950828s1996####njua##########001#0#eng## | ||
| 005 | 20130221103057.0 | ||
| 245 | 1 | 0 | |a Multivariable mathematics / |c Richard E. Williamson, Hale F. Trotter. |
| 250 | |a 3rd ed. | ||
| 260 | |a Upper Saddle River, N.J. : |b Prentice Hall, |c c1996. | ||
| 300 | |a xv, 732 p. : |b il. ; |c 25 cm. | ||
| 505 | 0 | |a 1. Vectors -- 2. Dot products and cross products -- 3. Equations and matrices -- 4. Derivatives -- 5. Differentiability -- 6. Vector differential calculus -- 7. Multiple integration -- 8. Integrals and derivatives on curves -- 9. Vector field theory -- 10. First-order differential equations -- 11. Constant-coefficient equations -- 12. Introduction to systems -- 13. Matrix methods -- 14. Infinite series. | |
| 020 | |a 0131816454 | ||
| 100 | 1 | |a Williamson, Richard E. | |
| 700 | 1 | |a Trotter, Hale F. | |
| 650 | 0 | |a Algebras, Linear. | |
| 650 | 0 | |a Differential equations. | |
| 650 | 0 | |a Calculus. | |
| 084 | |a 26-01 (34-01) |2 msc2000 | ||
| 010 | |a 95036238 | ||
| 040 | |a DLC |c DLC |d DLC | ||
| 859 | |h 26 |i W729 |p A-7695 |b BIB. MATEMATICA | ||
